| 000 | 00409nam a22001577a 4500 | ||
|---|---|---|---|
| 003 | OSt | ||
| 005 | 20240430111249.0 | ||
| 008 | 240430b |||||||| |||| 00| 0 eng d | ||
| 020 | _a9789332549371 | ||
| 040 | _cIIMT UNIVERSITY | ||
| 100 | _a Michael L Shuler, Fikret Kargi | ||
| 245 | _aBioprocess Engineering Basic Concepts | ||
| 260 |
_aNEW DELHI _bPEARSON INDIA _c2024 |
||
| 300 | _a553 | ||
| 942 |
_2ddc _c02 |
||
| 999 |
_c58741 _d58741 |
||